Flagi terytoriów zależnych - Statystyki

Ogólne statystyki
  • Ten quiz został rozwiązany 98 razy
  • Średni wynik to 14 z 16
Statystyki odpowiedzi
Obrazkowy Odpowiedź % Poprawnych
Gibraltar
97%
Grenlandia
97%
Wyspa Man
97%
Wyspy Owcze
96%
Aruba
95%
Guam
95%
Jersey
91%
Samoa Amerykańskie
91%
Bermudy
89%
Wyspy Cooka
89%
Polinezja Francuska
88%
Curacao
80%
Falklandy
80%
Tokelau
75%
Montserrat
71%
Bonaire
59%
Nie znaleziono quizów pasujących do podanych kryteriów
Rozkład punktacji
Procent ludzi z każdym wynikiem
Percentyl według liczby udzielonych odpowiedzi
Twoja historia wyników
Nie rozwiązałeś tego quizu